Logo BPK

Biblioteka

Politechniki Koszalińskiej

Future youth : (Rekord nr 47579)

Szczegóły MARC
000 -ETYKIETA REKORDU
podpole kontrolne o stałej długości 00714nam a2200229 i 4500
001 - NUMER KONTROLNY REKORDU
pole kontrolne bgj
020 ## - MIĘDZYNARODOWY ZNORMALIZOWANY NUMER KSIĄŻKI - ISBN
ISBN 0878577211
040 ## - ŹRÓDŁO KATALOGOWANIA
Instytucja, która utworzyła rekord BPK
041 0# - KOD JĘZYKA
Kod języka tekstu eng
920 ## - Międzynarodowy znormalizowany numer książki – ISBN
ISBN 0-87857-721-1
008 - POLE O STAŁEJ DŁUGOŚCI - DANE KONTROLNE
podpole kontrolne o stałej długości s uk f |000 0 eng
245 00 - TYTUŁ/ODPOWIEDZIALNOŚĆ
Tytuł Future youth :
Ciąg dalszy tytułu how to reverse the aging process : plus a program for a year of rejuvenation /
Pozostałe elementy strefy tytułu i oznaczenia odpowiedzialności by the Editors of "Prevention" Magazine Health Books ; edited by Carol Keough.
260 ## - STREFA ADRESU WYDAWNICZEGO
Miejsce wydania Emmaus, Pa :
Nazwa wydawcy/dystrybutora Rodale Press,
Data publikacji, dystrybucji/powstania dokumentu c. 1987.
300 ## - STREFA OPISU FIZYCZNEGO
Objętość VII, 646 pp :
Inne cechy fizyczne ill. ;
Rozmiary 24 cm.
505 ## - SFORMALIZOWANA UWAGA DOTYCZĄCA ZAWARTOŚCI
Pełny tekst uwagi Includes index.
650 #9 - HASŁO PRZEDMIOTOWE W FORMIE NAZWY OGÓLNEJ LUB JEDNOSTKOWEJ
Nazwa ogólna lub geograficzna Aging
Określnik ogólny Physiological aspects
650 #9 - HASŁO PRZEDMIOTOWE W FORMIE NAZWY OGÓLNEJ LUB JEDNOSTKOWEJ
Nazwa ogólna lub geograficzna Health
650 #9 - HASŁO PRZEDMIOTOWE W FORMIE NAZWY OGÓLNEJ LUB JEDNOSTKOWEJ
Nazwa ogólna lub geograficzna Nutrition
700 1# - HASŁO DODATKOWE - NAZWA OSOBOWA
Nazwa osobowa KEOUGH, Carol
710 p0 - HASŁO DODATKOWE - NAZWA CIAŁA ZBIOROWEGO
Nazwa ciała zbiorowego lub jednostki geograficznej Prevention
856 ## - LOKALIZACJA I DOSTĘP DO ELEKTRONICZNYCH DOKUMENTÓW ZDALNYCH
Link (URL) http://koha.tu.koszalin.pl/cgi-bin/koha/opac-detail.pl?biblionumber=47579
Tekst linku Katalog online BPK
942 ## - DODATKOWE ELEMENTY (KOHA)
Typ dokumentu Książka
Egzemplarze
Wycofany Status egzemplarza Uszkodzony Dostępność Lokalizacja stała Lokalizacja bieżąca Miejsce przechowywania Sygnatura Kod kreskowy Typ dokumentu
      Dostępny Biblioteka Politechniki Koszalińskiej Biblioteka Politechniki Koszalińskiej Wypożyczalnia Językowa KA 3953 09039445 Książka
© 2023 Biblioteka Politechniki Koszalińskiej :: KOHA